Vybrané zmeny dane z príjmov a ich dopad na podnikateľské prostredie bakalárska práca

Salvato in:
Dettagli Bibliografici
Autore principale: Drozdeková, Alexandra
Ente Autore: Národohospodárska fakulta EU. Katedra financií
Altri autori: Hudoková, Kristína
Natura: Libro
Lingua:slovacco
Pubblicazione: Bratislava 2016
Tags: Aggiungi Tag
Nessun Tag, puoi essere il primo ad aggiungerne!!

MARC

LEADER 00000nbm a2200000 4500
001 0219804
005 20170317095120.9
041 0 |a slo 
044 |a SK 
245 1 0 |a Vybrané zmeny dane z príjmov a ich dopad na podnikateľské prostredie  |b bakalárska práca  |c Alexandra Drozdeková ; školiteľ: Kristína Hudoková 
264 1 |a Bratislava  |c 2016 
300 |a 50 s. 
100 1 |a Drozdeková, Alexandra 
700 1 |a Hudoková, Kristína 
710 2 |a Národohospodárska fakulta EU. Katedra financií